Niveaux de rareté des personnages dans Dragon Ball Dokkan Battle - Statistiques

Statistiques générales
  • Ce quiz a été pris 260 fois
  • Le résultat moyen est 7 sur 8
Statistiques - réponses
Niveaux de rareté dans Dokkan Battle % Correct
Rare (R)
100%
Super Rare (SR)
98%
Legendary Rare (LR)
97%
Normal (N)
97%
Super Super Rare (SSR)
97%
Ultra Rare (UR)
96%
Transcendance Ultra Rare (TUR)
87%
GOD TIERS
0%
Aucun quiz correspondant
Distribution des résultats
% des personnes avec chaque résultat
Percentile par nombre de réponses
Votre historique - résultats
Vous n’avez pas pris ce quiz